Regiones polares : un desierto habitado

Guardado en:
Formato: Libro
Publicado: Madrid : Rueda, 2004
Materias:
Etiquetas: Agregar Etiqueta
Sin Etiquetas, Sea el primero en etiquetar este registro!
LEADER 00786nam a22002535a 4500
001 CEM.cems017989
005 20130416115942.0
008 130507s2004##################000#0#####d
003 CEMS
020 |a 8484472647 
082 0 4 |a 591.7154 
245 0 0 |a Regiones polares :  |b un desierto habitado 
260 |a Madrid :  |b Rueda,  |c 2004 
300 |a 191 p. 
505 0 |a El Artico, mundo del oso blanco -- La Antártida, continente de los pájaros bobos -- La tundra, terreno de cría 
653 |a Animales 
653 |a Fauna del desierto 
653 |a Desierto-fauna 
653 |a Artico-fauna 
653 |a Antártida-fauna 
653 |a Regiones polares-fauna 
653 |a Tundra-fauna 
653 |a Fauna-hábitat 
859 |a CEMS  |b BIB. CEMS - Agricultura  |h 591.7154  |i An546-1  |p A1825.13  |t Ej.1